00834nam a2200217 a 450000100100000000500170001000800410002704000250006804100130009308200150010610000320012124000290015324500950018226000580027730000210033549000130035670000310036983000200040095201790042099900170059900004507920201002045847.0150202s19uu ag 000 0 spa d aDO-SdBNPbspacBNPHU17aspaheng axxxxbxxxx1 aCianfarra, Camilo M.97309310aVatican and the Kremlin.13aEl Vaticano y el Kremlin /cCamille Maximillian Cianfarra ; traducción de Maximo Borghi. aBuenos Aires, Argentina :bGuillermo Kraft,c[195u?]. a288 p. ;c20 cm.1 aVétice1 aBorghi, Maximoetr.973094 0aVétice973095 0010507-18MOaGRbGRcOId2015-02-02iLF1l0oxxxx xxxxp45079-10r2020-06-25w2020-06-25y1zPerteneció a la biblioteca personal de Germán Emilio Ornes.ZNo se presta c44568d44568